[Event "Davos Amateur op"]
[Site "Davos"]
[Date "2024.08.04"]
[Round "5"]
[White "Gao, Ruoya"]
[Black "Kulikov, Mikhail L"]
[Result "1-0"]
[WhiteElo "1546"]
[BlackElo "1969"]
[PlyCount "75"]
[EventDate "2024.08.02"]
[EventType "swiss"]
[EventRounds "5"]
[EventCountry "SUI"]
[SourceTitle "CBM 221 Extra"]
[Source "ChessBase"]
[SourceDate "2024.09.30"]
[SourceVersion "1"]
[SourceVersionDate "2024.09.30"]
[SourceQuality "1"]

1. e4 e5 2. Nf3 Nc6 3. d4 exd4 4. Nxd4 Nf6 5. Nxc6 bxc6 6. Nd2 Bc5 7. e5 Qe7 8. Qe2 Nd5 9. Qe4 0-0 10. Bd3 g6 11. 0-0 Re8 12. Nf3 d6 13. Re1 Bf5 14. Qe2 Bg4 15. exd6 Qxe2 16. Rxe2 cxd6 17. Bd2 Bxf3 18. gxf3 Rxe2 19. Bxe2 Bd4 20. c3 Be5 21. Bc4 Nb6 22. Bb3 d5 23. Be3 Nd7 24. Rd1 a5 25. Ba4 Ra6 26. c4 Nf6 27. cxd5 cxd5 28. b3 d4 29. Bh6 Nd5 30. Bb5 Ra8 31. Bc6 Rd8 32. Re1 Ne7 33. Bb5 Bf6 34. Bd2 Ra8 35. Kf1 Ra7 36. b4 axb4 37. Bxb4 Nd5 38. Re8+ 1-0

[Event "Biel ATO 57th"]
[Site "Biel"]
[Date "2024.07.17"]
[Round "2"]
[White "Paholok, Igor"]
[Black "Kulikov, Mikhail L"]
[Result "0-1"]
[WhiteElo "1801"]
[BlackElo "1947"]
[PlyCount "124"]
[EventDate "2024.07.16"]
[EventType "swiss"]
[EventRounds "9"]
[EventCountry "SUI"]
[SourceTitle "EXT 2025"]
[Source "ChessBase"]
[SourceDate "2024.10.14"]
[SourceVersion "1"]
[SourceVersionDate "2024.10.14"]
[SourceQuality "1"]

1. d4 Nf6 2. Nf3 e6 3. e3 d5 4. Bd3 Be7 5. Nbd2 0-0 6. 0-0 c5 7. c3 Nc6 8. dxc5 Bxc5 9. Qe2 Be7 10. e4 dxe4 11. Nxe4 h6 12. Nxf6+ Bxf6 13. Qe4 Re8 14. Qh7+ Kf8 15. Be3 b6 16. Be4 Bb7 17. Nd4 Bxd4 18. Bxd4 e5 19. Rfe1 Qf6 20. f4 Qxf4 21. Qh8+ Ke7 22. Qxg7 Rg8 23. Qh7 Rh8 24. Qf5 Qxf5 25. Bxf5 f6 26. Be3 Rad8 27. Rad1 h5 28. Bf2 Na5 29. Bh4 Rxd1 30. Rxd1 Bc6 31. Re1 Kf7 32. Rd1 Nc4 33. Bc2 Ke7 34. Re1 Ke6 35. Bb3 b5 36. Bf2 Rg8 37. g3 a6 38. Rd1 h4 39. Bc5 Bd5 40. Kf2 hxg3+ 41. hxg3 Rh8 42. Bxc4 bxc4 43. Ke2 Rh2+ 44. Bf2 a5 45. Ke3 a4 46. Rd2 Rh1 47. Re2 Rd1 48. Be1 Rd3+ 49. Kf2 Rf3+ 50. Kg1 Kf5 51. Bf2 Rd3 52. Be1 Bf3 53. Rf2 Kg4 54. Rh2 Rd1 55. Rh4+ Kf5 56. Kf1 Be4 57. Kf2 Rb1 58. g4+ Kg5 59. Rh8 Kxg4 60. Bd2 Rxb2 61. Ke3 Bd3 62. Rg8+ Kf5 0-1

[Event "Baltija Cup"]
[Site "Palanga"]
[Date "2012.06.21"]
[Round "4"]
[White "Kulikov, Mikhail L"]
[Black "Sabaliauskis, Martynas"]
[Result "1/2-1/2"]
[WhiteElo "2052"]
[BlackElo "1679"]
[PlyCount "95"]
[EventDate "2012.06.19"]
[EventType "swiss"]
[EventRounds "8"]
[EventCountry "LTU"]
[SourceTitle "CBM 149 Extra"]
[Source "ChessBase"]
[SourceDate "2012.08.24"]
[SourceVersion "1"]
[SourceVersionDate "2012.08.24"]
[SourceQuality "1"]

1. d4 d5 2. e3 Nf6 3. f4 Bf5 4. Bd3 Bxd3 5. Qxd3 c6 6. Nf3 e6 7. 0-0 Nbd7 8. Ne5 Qc7 9. Nd2 c5 10. c3 c4 11. Qc2 Be7 12. Ndf3 Ne4 13. Bd2 Nxe5 14. Nxe5 h5 15. Qa4+ Kf8 16. Be1 Bd6 17. Bh4 Bxe5 18. fxe5 g5 19. Be1 Qc6 20. Qb4+ Ke8 21. Rf3 a5 22. Qa3 b6 23. b3 Rc8 24. b4 a4 25. Rb1 b5 26. Qb2 Ke7 27. a3 Rcf8 28. Bd2 Qe8 29. Rbf1 Rh7 30. Be1 h4 31. Qe2 Rfh8 32. Rh3 Qg8 33. Qg4 Qg6 34. Rhf3 Rf8 35. Rh3 Qh5 36. Qxh5 Rxh5 37. Rhf3 Rh7 38. Kh1 Rg8 39. Kg1 Ke8 40. Kh1 Rhg7 41. Kg1 Rf8 42. Kh1 Rg6 43. Kg1 Ke7 44. Kh1 f5 45. Kg1 Rh8 46. Kh1 g4 47. Rf4 h3 48. g3 1/2-1/2